| 000 | 00696nam a22002057a 4500 | ||
|---|---|---|---|
| 999 |
_c2665 _d2665 |
||
| 003 | AR-CdUCM | ||
| 008 | 190305b ||||| |||| 00| 0 spa d | ||
| 040 |
_aMUNICIPALIDAD PROVINCIAL DEL CUSCO _cBIBLIOTECA MUNICIPAL DEL CUSCO |
||
| 082 |
_a869.56 / _bA37 |
||
| 100 |
_aAlegre G, Florencio P _99370 |
||
| 245 | _aPor tierras amazónicas / | ||
| 260 |
_aLima : _bGráfica 30, _c1974. |
||
| 300 |
_a221 paginas ; _c20 cm. |
||
| 505 | _aContenido :Viajando en el rudi -- Teresa la maestra -- Amilcar agricultor -- Alfredo arrocero -- La zafra maderera ... | ||
| 650 |
_aNovelas peruanas _9545 |
||
| 650 |
_aSiglo XX. _98 |
||
| 650 |
_aCuentos peruanos _97 |
||
| 942 |
_2ddc _cLIBROS |
||
| 945 | _arum | ||